000
00309nam a22001337a 4500
008
181219b xxu||||| |||| 00| 0 eng d
020
_a
9780534504687
041
_a
eng
080
_2
8 TH
_a
316
100
_a
50
101
_a
SOX
245
_a
The Practice Of Social Research
_c
Babie.E
942
_2
udc
_c
BK
999
_c
53524
_d
53524